[Event "XXXV MEMORIAL IMIENIA LUDWIKA ZAMENHOFA 2016 - grupa A"]
[Site "Bialystok"]
[Date "2017-01-02"]
[Round "8.1"]
[White "Heberla, Bartlomiej"]
[Black "Jakubowski, Krzysztof"]
[Result "1-0"]
[WhiteTitle "GM"]
[BlackTitle "GM"]
[WhiteElo "2553"]
[BlackElo "2531"]

1. Nf3 c5 2. c4 g6 3. e4 Bg7 4. d4 Nc6 5. dxc5 Qa5+ 6. Bd2 Qxc5 7. Nc3 d6 8. Nd5
Ne5 9. Bb4 Qc6 10. c5 Nxf3+ 11. gxf3 Be6 12. Bb5 Bxd5 13. Bxc6+ Bxc6 14. cxd6
Rd8 15. Qb3 exd6 16. O-O-O Be5 17. Qe3 a5 18. f4 axb4 19. fxe5 Rc8 20. exd6 Nf6
21. Qd4 Bxe4+ 22. Kd2 1-0

[Event "XXXV MEMORIAL IMIENIA LUDWIKA ZAMENHOFA 2016 - grupa A"]
[Site "Bialystok"]
[Date "2017-01-02"]
[Round "8.2"]
[White "Cukrowski, Filip"]
[Black "Kveinys, Aloyzas"]
[Result "1/2-1/2"]
[WhiteTitle "FM"]
[BlackTitle "GM"]
[WhiteElo "2372"]
[BlackElo "2518"]

1. e4 Nf6 2. e5 Nd5 3. d4 d6 4. c4 Nb6 5. Nf3 Bg4 6. exd6 cxd6 7. Nc3 Nc6 8. Be3
g6 9. c5 dxc5 10. dxc5 Qxd1+ 11. Rxd1 Bxf3 12. gxf3 Nd7 13. a3 Bg7 14. f4 O-O-O
15. Na4 Nf6 16. Bg2 Rxd1+ 17. Kxd1 Rd8+ 18. Kc1 Bh6 19. Nc3 Nh5 20. Ne2 e5 21.
fxe5 Bxe3+ 22. fxe3 Nxe5 23. Nd4 f5 24. Nb5 Nc4 25. c6 bxc6 26. Nxa7+ Kc7 27.
Nxc6 Re8 28. Nb4 Nxe3 29. Re1 Nf4 30. Bf1 Re4 31. Kd2 Nxf1+ 32. Rxf1 Rd4+ 33.
Ke3 Ne6 34. Rc1+ Kd7 35. Nd3 Kd6 36. b4 Rh4 37. b5 Rh3+ 38. Kd2 Rxh2+ 39. Kc3
Nc5 40. Nxc5 Kxc5 41. a4 Kb6 42. Kd3 Rh3+ 43. Ke2 Ka5 44. Rc7 Kxa4 45. b6 Rb3
46. b7 h6 47. Rc6 Rxb7 1/2-1/2

[Event "XXXV MEMORIAL IMIENIA LUDWIKA ZAMENHOFA 2016 - grupa A"]
[Site "Bialystok"]
[Date "2017-01-02"]
[Round "8.3"]
[White "Markowski, Tomasz"]
[Black "Kanarek, Marcel"]
[Result "1-0"]
[WhiteTitle "GM"]
[BlackTitle "GM"]
[WhiteElo "2563"]
[BlackElo "2526"]

1. d4 Nf6 2. Nf3 g6 3. e3 Bg7 4. Be2 b6 5. O-O Bb7 6. c4 O-O 7. Nc3 d6 8. d5 e5
9. e4 a5 10. Bg5 h6 11. Bh4 g5 12. Bg3 Nh5 13. Ne1 Nf4 14. Nc2 Nxe2+ 15. Qxe2
f5 16. exf5 Rxf5 17. Ne3 Rf8 18. f3 Nd7 19. Be1 Bc8 20. Bd2 Nf6 21. g4 Kh8 22.
Ne4 Ng8 23. Qe1 Ne7 24. h4 gxh4 25. Qxh4 Ng6 26. Qxd8 Rxd8 27. Nf5 Rf8 28. Neg3
Bxf5 29. Nxf5 h5 30. Rae1 Rf7 31. Re2 Raf8 32. Rh2 Rxf5 33. gxf5 Rxf5 34. Rg2
Nf4 35. Bxf4 Rxf4 36. Rc2 Kh7 37. b3 Bh6 38. Re2 Rf5 39. Kf2 Bf4 40. Rg1 h4 41.
Rg4 Bg5 42. Re1 Kh6 43. Reg1 Kh5 44. Ke2 Kh6 45. Rh1 Kh5 46. Rf1 Rf7 47. Rfg1
Rf5 48. a3 Kh6 49. b4 axb4 50. axb4 Kh5 51. Kf2 Kh6 52. Ra1 Rf8 53. Ra7 Rc8 54.
Kg2 Kg6 55. Re4 Bf4 56. Kh3 Kh5 57. Ra2 Bg3 58. Rg4 Rf8 59. Ra3 Be1 60. b5 Rf7
61. Kg2 Bd2 62. Kh2 Bg5 63. Kh3 Kg6 64. Kg2 Rh7 65. Ra8 h3+ 66. Kh2 Kf6 67. Rf8+
Ke7 68. Rc8 Kd7 69. Rg8 Bf4+ 70. Kh1 h2 71. R4g6 Ke7 72. R8g7+ Rxg7 73. Rxg7+
Kd8 74. Kg2 e4 75. fxe4 Be5 76. Rh7 Bf4 77. Rxh2 Bxh2 78. Kxh2 Ke7 79. Kg3 Kf7
80. Kg4 Kg6 81. e5 dxe5 82. c5 Kf6 83. d6 1-0

[Event "XXXV MEMORIAL IMIENIA LUDWIKA ZAMENHOFA 2016 - grupa A"]
[Site "Bialystok"]
[Date "2017-01-02"]
[Round "8.4"]
[White "Socko, Bartosz"]
[Black "Berzinsh, Roland"]
[Result "0-1"]
[WhiteTitle "GM"]
[BlackTitle "IM"]
[WhiteElo "2613"]
[BlackElo "2408"]

1. e4 e5 2. Nf3 Nc6 3. Bc4 Nf6 4. Ng5 d5 5. exd5 Na5 6. Bb5+ Bd7 7. Qe2 Be7 8.
O-O Nxd5 9. Bxd7+ Qxd7 10. d3 Nc6 11. Nc3 f6 12. Nf3 O-O-O 13. Nxd5 Qxd5 14. Be3
g5 15. Rfd1 g4 16. Ne1 f5 17. c3 Rhg8 18. g3 h5 19. d4 Qe4 20. Qc2 exd4 21. Qxe4
fxe4 22. Bxd4 Nxd4 23. cxd4 Bf6 24. Nc2 Rg5 25. Rd2 Rgd5 26. Kg2 c5 27. Rc1 Kb8
28. Re1 Bxd4 29. b3 Bc3 30. Rxd5 Rxd5 31. Rxe4 Rd2 32. Ne3 b5 33. h3 gxh3+ 34.
Kxh3 Rxf2 35. Nd5 Bd4 36. a4 bxa4 37. bxa4 Kb7 38. Nf4 Rd2 39. Re7+ Kc6 40. Rxa7
c4 41. Ra6+ Kb7 42. Rd6 c3 43. Ne2 Be5 0-1

[Event "XXXV MEMORIAL IMIENIA LUDWIKA ZAMENHOFA 2016 - grupa A"]
[Site "Bialystok"]
[Date "2017-01-02"]
[Round "8.5"]
[White "Socko, Monika"]
[Black "Leniart, Arkadiusz"]
[Result "1/2-1/2"]
[WhiteTitle "GM"]
[BlackTitle "IM"]
[WhiteElo "2441"]
[BlackElo "2482"]

1. d4 Nf6 2. c4 e6 3. Nc3 d5 4. Nf3 Nbd7 5. cxd5 exd5 6. Bg5 Be7 7. e3 c6 8. Bd3
Nf8 9. Qc2 g6 10. O-O Ne6 11. Bh4 O-O 12. Rab1 Ng7 13. b4 a6 14. Na4 Nf5 15. Bg5
Nd6 16. Nc5 Nfe4 17. Bf4 Re8 18. a4 Bf8 19. Rfc1 f6 20. b5 axb5 21. axb5 Nxc5
22. dxc5 Nxb5 23. Bxb5 cxb5 24. Rxb5 Ra5 25. Rxa5 Qxa5 26. Qb2 Re6 27. Bd6 Bxd6
28. cxd6 Qd8 29. Qc3 Bd7 30. Qc7 Qxc7 31. Rxc7 Rxd6 32. Rxb7 Kf7 33. Nd4 Ke7 34.
f4 Ra6 35. Kf2 Ra8 36. Kf3 Kd6 37. g4 Ra1 38. h3 1/2-1/2

[Event "XXXV MEMORIAL IMIENIA LUDWIKA ZAMENHOFA 2016 - grupa A"]
[Site "Bialystok"]
[Date "2017-01-02"]
[Round "8.6"]
[White "Koziak, Vitali"]
[Black "Nasuta, Grzegorz"]
[Result "0-1"]
[WhiteTitle "IM"]
[BlackTitle "IM"]
[WhiteElo "2479"]
[BlackElo "2448"]

1. e4 c5 2. Nf3 d6 3. d4 cxd4 4. Nxd4 Nf6 5. Nc3 a6 6. Be3 e6 7. f3 b5 8. Qd2 Bb7
9. O-O-O Nbd7 10. g4 Nb6 11. Ndxb5 axb5 12. Bxb5+ Nfd7 13. Qf2 Nc8 14. Bd4 Qc7
15. Rhe1 Bc6 16. f4 Bxb5 17. Nxb5 Qc6 18. Nc3 e5 19. Be3 exf4 20. Qxf4 Be7 21.
g5 O-O 22. h4 Ncb6 23. h5 Ra5 24. Rg1 Nc5 25. Qg4 Nc4 26. Bxc5 Qxc5 27. g6 Bg5+
28. Qxg5 Qxg5+ 29. Rxg5 Rxg5 30. b3 Ne5 31. gxh7+ Kxh7 32. Rxd6 Rxh5 33. a4 Rc8
34. Kb2 g5 35. Rd2 g4 36. Nd5 Rg5 37. a5 g3 38. Ne3 Rc5 39. Rg2 Rxa5 40. Nf5 Nf3
41. b4 Re5 42. Nxg3 Re6 43. c4 Reg6 44. c5 Rxg3 45. Rxg3 Rxg3 46. Kc3 Ng5+ 47.
Kc4 Nxe4 48. c6 Nd6+ 49. Kc5 Nc8 50. b5 Na7 51. Kd4 0-1

[Event "XXXV MEMORIAL IMIENIA LUDWIKA ZAMENHOFA 2016 - grupa A"]
[Site "Bialystok"]
[Date "2017-01-02"]
[Round "8.7"]
[White "Teclaf, Pawel"]
[Black "Azarov, Sergei"]
[Result "1/2-1/2"]
[WhiteTitle "CM"]
[BlackTitle "GM"]
[WhiteElo "2341"]
[BlackElo "2600"]

1. e4 c5 2. Nf3 Nc6 3. d4 cxd4 4. Nxd4 Qb6 5. Nb3 Nf6 6. Nc3 e6 7. Bd3 a6 8. f4
d6 9. Qf3 Qc7 10. Be3 b5 11. O-O-O Bb7 12. g4 Nb4 13. Kb1 d5 14. Rc1 Be7 15. a3
dxe4 16. Nxe4 Nxd3 17. cxd3 Qd7 18. Rhd1 Qd5 19. Nbc5 Bxc5 20. Nxf6+ gxf6 21.
Qxd5 Bxd5 22. Rxc5 Kd7 23. Rdc1 Rhc8 24. Rxc8 Rxc8 25. Rxc8 1/2-1/2

[Event "XXXV MEMORIAL IMIENIA LUDWIKA ZAMENHOFA 2016 - grupa A"]
[Site "Bialystok"]
[Date "2017-01-02"]
[Round "8.8"]
[White "Kowalczyk, Pawel"]
[Black "Bobras, Piotr"]
[Result "0-1"]
[WhiteTitle "k+"]
[BlackTitle "GM"]
[WhiteElo "2353"]
[BlackElo "2523"]

1. c4 Nf6 2. Nc3 e5 3. Nf3 Nc6 4. e3 Bb4 5. Qc2 Bxc3 6. Qxc3 Qe7 7. d4 exd4 8.
Nxd4 Ne4 9. Nxc6 dxc6 10. Qxg7 Qb4+ 11. Ke2 Qxc4+ 12. Kf3 Qd5 13. Ke2 Bg4+ 14.
Qxg4 Rd8 15. Ke1 h5 16. Qxe4+ Qxe4 17. f3 Qc2 18. Be2 Rg8 19. Rg1 h4 20. Kf2 f5
21. a4 Rd3 22. a5 Rd1 0-1

[Event "XXXV MEMORIAL IMIENIA LUDWIKA ZAMENHOFA 2016 - grupa A"]
[Site "Bialystok"]
[Date "2017-01-02"]
[Round "8.10"]
[White "Zochowski, Kacper"]
[Black "Smieszek, Wojciech"]
[Result "1-0"]
[WhiteTitle "k"]
[BlackTitle "k"]
[WhiteElo "2261"]
[BlackElo "2185"]

1. Nf3 Nf6 2. g3 c5 3. c4 Nc6 4. Bg2 g6 5. b3 Bg7 6. Bb2 O-O 7. O-O d6 8. Nc3 e5
9. d3 Nh5 10. Ne1 f5 11. Nd5 f4 12. a3 Bg4 13. b4 Nd4 14. Bxd4 exd4 15. Nf3 Qd7
16. bxc5 dxc5 17. Ng5 Rae8 18. Ne4 b6 19. a4 Bh3 20. a5 Bxg2 21. Kxg2 b5 22. Qb3
Re5 23. f3 fxg3 24. hxg3 Rff5 25. Rh1 b4 26. Qa4 Qe6 27. g4 Rg5 28. Kf2 Rxe4 29.
dxe4 Qe5 30. Rh3 d3 31. Ra2 Nf6 32. Nxf6+ Bxf6 33. e3 Qe6 34. Qb5 h5 35. Qb8+
Kg7 36. Rh1 Qxc4 37. Rd2 Bc3 38. Qc7+ Kh6 39. Qd8 Qf7 40. Rxd3 Rxg4 41. Qd5 Qf8
42. Rdd1 Rg5 43. Qd7 Be5 44. Rdg1 Rxg1 45. Rxg1 Qf6 46. Ke2 Bh2 47. Rg2 Bd6 48.
f4 Bf8 49. e5 Qf5 50. Qxf5 gxf5 51. Rg8 Be7 52. Re8 Bh4 53. Rc8 Be7 54. Re8 Bh4
55. Kd3 Bf2 56. Rc8 h4 57. e6 1-0

[Event "XXXV MEMORIAL IMIENIA LUDWIKA ZAMENHOFA 2016 - grupa A"]
[Site "Bialystok"]
[Date "2017-01-02"]
[Round "8.11"]
[White "Klimaszewski, Dariusz"]
[Black "Kosakowski, Jakub"]
[Result "0-1"]
[WhiteTitle "CM"]
[BlackTitle "k"]
[WhiteElo "2161"]
[BlackElo "2249"]

1. e4 e5 2. Nf3 Nc6 3. c3 d5 4. Qa4 f6 5. Bb5 Nge7 6. exd5 Qxd5 7. O-O e4 8. Nd4
Bd7 9. Nxc6 Nxc6 10. d3 exd3 11. Rd1 a6 12. Bxd3 Nb4 13. Qb3 Qxb3 14. axb3 Nxd3
15. Rxd3 O-O-O 16. Be3 Bd6 17. Na3 Be6 18. Nc4 Bxh2+ 0-1

[Event "XXXV MEMORIAL IMIENIA LUDWIKA ZAMENHOFA 2016 - grupa A"]
[Site "Bialystok"]
[Date "2017-01-02"]
[Round "8.12"]
[White "Borawski, Jakub"]
[Black "Buraczewski, Rafal"]
[Result "1-0"]
[WhiteTitle "k"]
[BlackTitle "k"]
[WhiteElo "2136"]
[BlackElo "2249"]

1. e3 Nf6 2. f4 d5 3. Nf3 g6 4. b3 Bg7 5. Bb2 O-O 6. d4 Bf5 7. Bd3 Bxd3 8. Qxd3
c5 9. Nbd2 cxd4 10. exd4 Nc6 11. c3 Qd6 12. Ne5 Nh5 13. O-O Bh6 14. g3 Nxe5 15.
dxe5 Qc5+ 16. Kh1 e6 17. Nf3 Rfe8 18. a4 Qb6 19. Nd4 Bf8 20. a5 Qd8 21. Ba3 Bxa3
22. Rxa3 a6 23. b4 Ng7 24. g4 Rc8 25. Ra2 Rc4 26. Nb3 Qh4 27. Rg2 h5 28. Nd2 Rc7
29. Nf3 Qh3 30. Rg3 Rxc3 31. Qd1 Rxf3 32. Qxf3 Qh4 33. f5 exf5 34. gxf5 Nxf5 35.
Qxf5 Qxg3 36. Qxf7+ 1-0

[Event "XXXV MEMORIAL IMIENIA LUDWIKA ZAMENHOFA 2016 - grupa A"]
[Site "Bialystok"]
[Date "2017-01-02"]
[Round "8.13"]
[White "Kowalski, Igor"]
[Black "Szostko, Jakub"]
[Result "1/2-1/2"]
[WhiteTitle "k"]
[BlackTitle "FM"]
[WhiteElo "2129"]
[BlackElo "2234"]

1. e4 c5 2. Nf3 d6 3. d4 cxd4 4. Nxd4 Nf6 5. Nc3 a6 6. g3 e5 7. Nb3 Be7 8. Bg2
O-O 9. O-O Be6 10. a4 Qc7 11. Re1 Nbd7 12. Nd2 Qc5 13. Nf1 Bd8 14. Ne3 Ba5 15.
Bd2 Rac8 16. g4 Nb6 17. g5 Nfd7 18. Ne2 Bxd2 19. Qxd2 Nc4 20. Nxc4 Bxc4 21. Red1
Bxe2 22. Qxe2 Qxc2 23. Qxc2 Rxc2 24. Rxd6 Nc5 25. b4 Ne6 26. Rb6 Rc7 27. h4 Rd8
28. Bf3 Nd4 29. Bg4 Kf8 30. Rd1 Ke7 31. Kf1 Rd6 32. Rxd6 Kxd6 33. Rb1 Rc4 34.
Kg2 Kc7 35. h5 Kd6 36. Rb2 Ke7 37. Rb1 h6 38. gxh6 gxh6 39. Kg3 Kf6 40. Rb2 Kg5
41. f3 Rc3 42. b5 axb5 43. axb5 b6 44. Ra2 Nxb5 45. Rb2 Nd6 46. Rxb6 Nxe4+ 47.
Kg2 Nf6 48. Rb7 Nxg4 49. fxg4 Rc4 50. Rxf7 Rxg4+ 51. Kh3 Kxh5 52. Re7 Rg5 53.
Re6 Rf5 54. Kg3 Kg5 55. Re8 h5 56. Rg8+ Kf6 57. Ra8 Rf4 58. Rf8+ Kg5 59. Rg8+
Kf5 60. Rh8 h4+ 61. Kh3 Ke4 62. Ra8 Rf7 63. Ra4+ Kf3 64. Ra3+ Kf4 65. Ra1 Ke3
66. Re1+ Kd4 67. Rd1+ Kc4 68. Re1 Kd4 69. Rd1+ Kc3 70. Re1 Rf5 71. Kxh4 Kd2 72.
Ra1 Rf8 73. Kg3 Rc8 74. Kf3 Rc3+ 75. Ke4 Re3+ 76. Kf5 e4 77. Ra2+ Kd3 78. Ra3+
Ke2 79. Ra1 Kf3 80. Rf1+ Kg3 81. Rg1+ Kf3 82. Rg4 1/2-1/2

[Event "XXXV MEMORIAL IMIENIA LUDWIKA ZAMENHOFA 2016 - grupa A"]
[Site "Bialystok"]
[Date "2017-01-02"]
[Round "8.14"]
[White "Niedzwiedz, Marek"]
[Black "Pietruszewski, Marcin"]
[Result "0-1"]
[WhiteTitle "k"]
[BlackTitle "k+"]
[WhiteElo "2088"]
[BlackElo "2208"]

1. e4 c5 2. Nf3 e6 3. d4 cxd4 4. Nxd4 a6 5. Nc3 Qc7 6. Bd3 Nf6 7. O-O d6 8. Kh1
Nbd7 9. f4 b5 10. a3 Bb7 11. Be3 Be7 12. Qf3 Nc5 13. Rac1 O-O 14. b4 Nxd3 15.
cxd3 Qd8 16. Nb3 Rc8 17. Ne2 Qd7 18. Ned4 g6 19. Qe2 Rfe8 20. Rxc8 Rxc8 21. Rc1
Bf8 22. h3 Nh5 23. Kg1 Bg7 24. g4 Nxf4 25. Bxf4 e5 26. Rxc8+ Qxc8 27. Qc2 Qd7
28. Be3 exd4 29. Bxd4 Bxd4+ 30. Nxd4 Qe7 31. Nc6 Qe8 32. Na5 Ba8 33. Qc3 f5 34.
gxf5 gxf5 35. Qf6 fxe4 36. Qxd6 exd3 37. Qxd3 Qe1+ 38. Qf1 Qg3+ 0-1

[Event "XXXV MEMORIAL IMIENIA LUDWIKA ZAMENHOFA 2016 - grupa A"]
[Site "Bialystok"]
[Date "2017-01-02"]
[Round "8.15"]
[White "Jaroch, Karol"]
[Black "Dzhuguryan, Tygran"]
[Result "1-0"]
[WhiteTitle "m"]
[BlackTitle "II+"]
[WhiteElo "2247"]
[BlackElo "2176"]

1. e4 c6 2. Nf3 d5 3. Nc3 Bg4 4. Be2 Nf6 5. O-O e6 6. h3 Bh5 7. d3 Bb4 8. Nd2 Bg6
9. e5 Nfd7 10. f4 h5 11. Nf3 h4 12. Be3 Na6 13. Bf2 Be7 14. a3 Nc7 15. Qe1 c5
16. Nd1 Nb6 17. b4 Nd7 18. c4 d4 19. bxc5 Nxc5 20. Nb2 Nb3 21. Ra2 Bh5 22. Qd1
Bxf3 23. Bxf3 Nc5 24. Na4 N7a6 25. Nxc5 Nxc5 26. f5 exf5 27. Bd5 Ne6 28. Rb2 O-O
29. Bxe6 fxe6 30. Rxb7 Bc5 31. Qh5 Qc8 32. Rfb1 Bb6 33. Re7 Bc5 34. Reb7 Bb6 35.
Qf3 Qc5 36. Bxh4 Rab8 37. Rb5 Qxa3 38. Rxb8 Rxb8 39. Kh2 a6 40. Rb1 Qc5 41. Bg3
Qc7 42. Bf4 Rc8 43. h4 Qc6 44. Qg3 Rb8 45. Bh6 Qd7 46. c5 Bc7 47. c6 Qf7 48. Rxb8+
Bxb8 49. Bf4 Kf8 50. Qe1 Ke8 51. Qb4 Qa7 52. Kh3 Bc7 53. Qb3 Kf7 54. Qd1 g6 55.
h5 g5 56. Bxg5 Bxe5 57. h6 Kg8 58. Qh5 Qf7 59. Qxf7+ Kxf7 60. h7 Ke8 61. Bd2 Bf6
62. g4 Kd8 63. Bg5 1-0

[Event "XXXV MEMORIAL IMIENIA LUDWIKA ZAMENHOFA 2016 - grupa A"]
[Site "Bialystok"]
[Date "2017-01-02"]
[Round "8.16"]
[White "Karwowski, Kacper"]
[Black "Praczukowski, Stanislaw"]
[Result "1-0"]
[WhiteTitle "k"]
[BlackTitle "k"]
[WhiteElo "2201"]
[BlackElo "2093"]

1. e4 e5 2. Nf3 Nf6 3. Nxe5 d6 4. Nf3 Nxe4 5. Qe2 Qe7 6. d3 Nf6 7. Bg5 Nbd7 8.
Nc3 h6 9. Bf4 c6 10. O-O-O Qxe2 11. Bxe2 d5 12. Rhe1 Nc5 13. Nd4 g6 14. Bg4+ Kd8
15. Bxc8 Rxc8 16. Re2 Ncd7 17. Rde1 Bb4 18. h3 a6 19. Nf3 g5 20. Bh2 Ne8 21. Nd4
Ng7 22. a3 Bxc3 23. bxc3 c5 24. Nf3 Ne6 25. Ne5 Nxe5 26. Rxe5 d4 27. cxd4 cxd4
28. Rd5+ Ke7 29. Bd6+ Ke8 30. Be5 Rg8 31. Bxd4 Ke7 32. Rf5 Rge8 33. Bg7 Kd6 34.
Bxh6 Rh8 35. Bxg5 Rxc2+ 36. Kxc2 Nd4+ 37. Kd2 Nxf5 38. Bf4+ Kd7 39. Rc1 Rg8 40.
g3 1-0

[Event "XXXV MEMORIAL IMIENIA LUDWIKA ZAMENHOFA 2016 - grupa A"]
[Site "Bialystok"]
[Date "2017-01-02"]
[Round "8.17"]
[White "Luba, Lukasz"]
[Black "Rozycki, Bartlomiej"]
[Result "0-1"]
[WhiteTitle "I"]
[BlackTitle "k++"]
[WhiteElo "2114"]
[BlackElo "2190"]

1. e4 e6 2. d4 d5 3. e5 c5 4. c3 Qb6 5. Nf3 Nc6 6. Be2 Nh6 7. Qb3 Qxb3 8. axb3
cxd4 9. cxd4 Nf5 10. Bb5 Bd7 11. Bxc6 bxc6 12. g4 Nh6 13. h3 c5 14. Be3 cxd4 15.
Bxd4 Bb4+ 16. Bc3 Bc5 17. Bd4 Bxd4 18. Nxd4 Ke7 19. Nc3 Rhb8 20. Ra5 f6 21. exf6+
gxf6 22. Kd2 Kd8 23. Nxd5 exd5 24. Rxd5 Rb6 25. Re1 Nf7 26. Ne6+ Kc8 27. Nf8 Bc6
28. Rh5 Ne5 29. Re3 Rab8 30. Nxh7 Rxb3 31. Rxb3 Rxb3 32. Nxf6 Rxb2+ 33. Kc3 Rxf2
34. Rxe5 Rxf6 35. Re3 Rf1 36. Rg3 Kd7 37. g5 Ke7 38. Kb2 a6 39. g6 Kf8 40. g7+
Kg8 41. h4 Rh1 42. Rg4 Rh3 43. Rg6 Bb5 44. Rg4 Be2 45. Re4 Rh2 46. Re7 Bb5+ 47.
Ka1 Rxh4 48. Ra7 Rh2 49. Kb1 Rg2 50. Ka1 Rf2 51. Rc7 Re2 52. Ra7 Rd2 53. Re7 Rf2
54. Ra7 Bc4 55. Rc7 Bf7 56. Rc6 Ra2+ 57. Kb1 Kxg7 58. Rc7 Rf2 59. Rc6 Bg6+ 60.
Ka1 Rf1+ 61. Kb2 Bd3 62. Rc1 Rf4 63. Ka3 Bb5 64. Re1 Kf6 65. Kb2 Rf3 66. Ka2 Kf5
67. Re7 Rh3 68. Rg7 Ke4 69. Rg5 Kd4 70. Rg4+ Kc5 71. Kb2 Bc4 72. Rg1 Kb4 73. Re1
Rh2+ 74. Ka1 a5 75. Rg1 Ka3 76. Kb1 Bd3+ 77. Kc1 Kb3 78. Kd1 Kc3 0-1

[Event "XXXV MEMORIAL IMIENIA LUDWIKA ZAMENHOFA 2016 - grupa A"]
[Site "Bialystok"]
[Date "2017-01-02"]
[Round "8.18"]
[White "Wojtaszewski, Piotr"]
[Black "Mammadov, Vafa"]
[Result "1/2-1/2"]
[WhiteTitle "I++"]
[BlackTitle "k"]
[WhiteElo "1995"]
[BlackElo "2151"]

1. e4 c5 2. Nf3 a6 3. g3 d6 4. Bg2 Nc6 5. O-O Nf6 6. Re1 g6 7. d3 Bg7 8. Nbd2 O-O
9. Nf1 Rb8 10. c3 b5 11. d4 b4 12. Bf4 Nh5 13. Be3 bxc3 14. bxc3 Qa5 15. Bd2 Qa3
16. e5 dxe5 17. Nxe5 Nxe5 18. dxe5 Rd8 19. Qe2 Bf8 20. Ne3 Be6 21. c4 Ng7 22.
Bd5 Nf5 23. Nxf5 Bxf5 24. g4 Be6 25. Bxe6 fxe6 26. Qe3 Rd3 27. Qe2 Rbd8 28. Be3
Bg7 29. Rad1 Rxd1 30. Rxd1 Rxd1+ 31. Qxd1 Qxa2 32. Bxc5 Bf8 33. Qc1 Qe2 34. h3
Bg7 35. Bxe7 Bxe5 36. c5 Qd3 37. Qg5 Qd1+ 38. Kg2 Qd5+ 39. Kg1 Kf7 40. Qh4 Qd1+
1/2-1/2

[Event "XXXV MEMORIAL IMIENIA LUDWIKA ZAMENHOFA 2016 - grupa A"]
[Site "Bialystok"]
[Date "2017-01-02"]
[Round "8.19"]
[White "Wisniewski, Michal"]
[Black "Malicka, Maria"]
[Result "1/2-1/2"]
[WhiteTitle "k+"]
[BlackTitle "k+"]
[WhiteElo "2144"]
[BlackElo "1901"]

1. e4 e5 2. Nf3 Nc6 3. d4 exd4 4. Nxd4 Bc5 5. Nxc6 Qf6 6. Qf3 Qxf3 7. gxf3 bxc6
8. Be3 Bxe3 9. fxe3 Nf6 10. Nc3 d6 11. Rg1 g6 12. Bc4 Be6 13. Bxe6 fxe6 14. e5
Nd5 15. Nxd5 exd5 16. exd6 cxd6 17. Rg4 Kd7 18. c4 dxc4 19. Rxc4 Rhf8 20. Ke2
Rab8 21. b3 Rf5 22. Rac1 Rb6 23. Rh4 Rf7 24. Ra4 Ke6 25. Rcc4 d5 26. Rc2 Kd6 27.
e4 dxe4 28. Rxe4 Rb5 29. Rec4 Re5+ 30. Kf2 c5 31. Rd2+ Rd5 32. Rxd5+ Kxd5 33.
Kg3 Re7 34. Ra4 Kc6 35. Kg4 Kb6 36. h4 Re1 37. Kg5 Re5+ 38. Kf4 Rh5 39. Kg4 Rd5
40. Re4 Rd2 41. a4 Rb2 42. Re8 Ka5 43. Re7 a6 44. Rxh7 Rxb3 45. Rc7 Kb4 46. Rc6
a5 47. Rxg6 Kxa4 48. h5 Rb8 49. h6 c4 50. Rc6 Kb3 51. h7 c3 52. Rb6+ Rxb6 53.
h8=Q c2 54. Qa1 Rd6 55. Qe1 Rd1 56. Qe6+ Kc3 57. Qc6+ Kd3 58. Qd5+ Kc3 59. Qc5+
Kb3 60. Qb5+ Kc3 61. Qc5+ Kb2 62. Qb6+ Kc3 1/2-1/2

[Event "XXXV MEMORIAL IMIENIA LUDWIKA ZAMENHOFA 2016 - grupa A"]
[Site "Bialystok"]
[Date "2017-01-02"]
[Round "8.20"]
[White "Chomczyk, Marek"]
[Black "Cherepov, Alexej"]
[Result "1/2-1/2"]
[WhiteTitle "k"]
[BlackTitle "k"]
[WhiteElo "2139"]
[BlackElo "2106"]

1. e4 Nf6 2. Nc3 e5 3. Nf3 Nc6 4. Bc4 Nxe4 5. Nxe4 d5 6. Bd3 Nb4 7. Qe2 Nxd3+ 8.
cxd3 dxe4 9. dxe4 f6 10. O-O c5 11. b4 Qb6 12. bxc5 Bxc5 13. d3 Be6 14. Be3 Bxe3
15. Qxe3 Qd6 16. d4 exd4 17. Nxd4 O-O 18. h3 Rfe8 19. Rfd1 Bf7 20. Nf5 Qe5 21.
Nd6 Re7 22. Nxf7 Kxf7 23. Rac1 b6 24. Rc4 Rae8 25. Rcd4 Qe6 26. Qa3 Qc6 27. Qb3+
Qe6 28. Qc2 Rc8 29. Qa4 Qc6 30. Qa3 Qc3 31. Qd6 Qc6 32. Qf4 Rce8 33. f3 Qc5 34.
Kh2 Qe5 35. Kg3 Qxf4+ 36. Kxf4 Rc8 37. R1d2 Rc5 38. Rd5 Rxd5 39. Rxd5 Ke6 40.
Rd8 Rc7 41. Re8+ Kf7 42. Ra8 Ke6 43. h4 h5 44. g4 hxg4 45. Kxg4 g6 46. Kf4 Rg7
47. Kg4 Rh7 48. Kg3 1/2-1/2

[Event "XXXV MEMORIAL IMIENIA LUDWIKA ZAMENHOFA 2016 - grupa A"]
[Site "Bialystok"]
[Date "2017-01-02"]
[Round "8.21"]
[White "Kultiyasov, Mikhail"]
[Black "Sroka, Janusz"]
[Result "1-0"]
[WhiteTitle "k++"]
[BlackTitle "k"]
[WhiteElo "2273"]
[BlackElo "2045"]

1. e4 d6 2. d4 Nf6 3. Nc3 Nbd7 4. Nge2 e5 5. f3 Be7 6. Be3 O-O 7. Qd2 c6 8. g4
b5 9. Ng3 b4 10. Nd1 exd4 11. Bxd4 Ne5 12. Be2 c5 13. Bf2 a5 14. Ne3 Ba6 15. g5
Ne8 16. f4 Bxe2 17. Qxe2 Ng6 18. f5 Ne5 19. h4 f6 20. g6 h6 21. Nh5 Nc7 22. Nf4
Re8 23. Ned5 Bf8 24. O-O-O Qb8 25. Bg3 Nb5 26. Ne6 b3 27. cxb3 a4 28. b4 cxb4
29. Kb1 a3 30. b3 Qb7 31. Be1 Nc3+ 32. Bxc3 bxc3 33. Rc1 Ra5 34. Rhd1 Rb8 35.
Rxc3 Rb5 36. Qc2 Qa7 37. Rc1 R5b7 38. Qd2 Qa4 39. Qd4 Qa6 40. Qe3 Qa4 41. Ka1
Qa6 42. Nec7 Qa5 43. b4 Qa4 44. b5 Ra7 45. b6 Ra5 46. Ne6 Qb5 47. Rb3 Qa4 48.
Rb4 Qe8 49. h5 Ra4 50. Nec7 Qd7 51. Qb3 Rxb4 52. Nxf6+ 1-0

[Event "XXXV MEMORIAL IMIENIA LUDWIKA ZAMENHOFA 2016 - grupa A"]
[Site "Bialystok"]
[Date "2017-01-02"]
[Round "8.22"]
[White "Kostyra, Stanislaw"]
[Black "Drozdowski, Konrad"]
[Result "1/2-1/2"]
[WhiteTitle "IM"]
[BlackTitle "I++"]
[WhiteElo "2230"]
[BlackElo "2024"]

1. d4 d5 2. Nf3 Nf6 3. c4 dxc4 4. e3 e6 5. Bxc4 c5 6. O-O a6 7. a4 Nc6 8. Qe2 Qc7
9. Nc3 Be7 10. Rd1 O-O 11. Bd2 1/2-1/2

[Event "XXXV MEMORIAL IMIENIA LUDWIKA ZAMENHOFA 2016 - grupa A"]
[Site "Bialystok"]
[Date "2017-01-02"]
[Round "8.23"]
[White "Walkusz, Witoslaw"]
[Black "Czernek, Tymon"]
[Result "1/2-1/2"]
[WhiteTitle "FM"]
[BlackTitle "I"]
[WhiteElo "2171"]
[BlackElo "1877"]

1. e4 c5 2. Nf3 d6 3. Bb5+ Bd7 4. a4 a6 5. Bc4 e6 6. O-O Nc6 7. Re1 Be7 8. c3 Nf6
9. Bf1 O-O 10. h3 Rb8 11. Na3 d5 12. d3 b5 13. Bf4 Rb7 14. axb5 axb5 15. e5 Ne8
16. Nb1 d4 17. cxd4 cxd4 18. Nbd2 Nc7 19. Nb3 Nd5 20. Bd2 Qb6 21. Bg5 Bxg5 22.
Nxg5 Rc7 23. Qh5 h6 24. Ne4 Ncb4 25. Rec1 Nf4 26. Qf3 Ng6 27. Qg3 Rfc8 28. Rxc7
Rxc7 29. Ra8+ Rc8 30. Rxc8+ Bxc8 31. h4 Bb7 32. Nf6+ Kh8 33. h5 Ne7 34. Ne4 Nf5
35. Qf4 Nd5 36. Qc1 Qd8 37. Nd6 Nxd6 38. exd6 Qxd6 39. Nxd4 Nf4 40. Nxb5 Nh3+
1/2-1/2

[Event "XXXV MEMORIAL IMIENIA LUDWIKA ZAMENHOFA 2016 - grupa A"]
[Site "Bialystok"]
[Date "2017-01-02"]
[Round "8.24"]
[White "Walewski, Wojciech"]
[Black "Kusenkova, Natallia"]
[Result "1/2-1/2"]
[WhiteTitle "k"]
[BlackTitle "m"]
[WhiteElo "2095"]
[BlackElo "2163"]

1. Nf3 Nf6 2. b3 g6 3. Bb2 Bg7 4. g3 O-O 5. Bg2 c5 6. c4 Nc6 7. O-O d6 8. d4 Ne4
9. Nbd2 f5 10. e3 e6 11. Qc2 Nb4 12. Qb1 Nxd2 13. Nxd2 e5 14. a3 1/2-1/2

[Event "XXXV MEMORIAL IMIENIA LUDWIKA ZAMENHOFA 2016 - grupa A"]
[Site "Bialystok"]
[Date "2017-01-02"]
[Round "8.25"]
[White "Krzywda, Andrzej"]
[Black "Norov, Artem"]
[Result "1-0"]
[WhiteTitle "k"]
[BlackTitle "II+"]
[WhiteElo "2148"]
[BlackElo "1819"]

1. e4 d5 2. exd5 Qxd5 3. Nc3 Qd6 4. d4 Nf6 5. Nf3 c6 6. g3 Bf5 7. Bg2 Nbd7 8. O-O
e6 9. Ne2 Qc7 10. c4 Be7 11. Nc3 O-O 12. Qe2 Rfe8 13. Rd1 h6 14. h3 Rad8 15. Be3
a6 16. Rac1 Bd6 17. a3 a5 18. Qd2 Bf8 19. Bf4 Bd6 20. Bxd6 Qxd6 21. Ne2 Qc7 22.
b4 Ra8 23. Nc3 axb4 24. axb4 Ne4 25. Qb2 Nxc3 26. Qxc3 Ra2 27. Qe1 Nf6 28. Ne5
Qb6 29. c5 Qa6 30. Nc4 Rd8 31. Nd6 Nd5 32. b5 Qa8 33. Bxd5 cxd5 34. Nxf5 exf5
35. Qe5 Qc8 36. Re1 Rb2 37. b6 Qd7 38. Qc7 Kf8 39. Re5 Qxc7 40. bxc7 Rc8 41. Rce1
1-0